[Event "4NCL/Div2b/CELT1 vs. E2E41"]
[Site "Hinckley Island ENG"]
[Date "2010.02.21"]
[Round "6.3"]
[White "Mueller, Jan"]
[Black "Sugden, John N"]
[Result "1-0"]
[WhiteElo "2165"]
[BlackElo "2219"]
[PlyCount "95"]
[EventDate "2010.02.21"]
[SourceDate "2009.10.24"]

1. d4 Nf6 2. Bg5 c5 3. d5 d6 4. Bxf6 exf6 5. c3 f5 6. e3 g6 7. Nd2 Bg7 8. Ne2
Nd7 9. Nf4 O-O 10. h4 h5 11. Be2 Nf6 12. Nf3 Ne4 13. Ng5 Nxg5 14. hxg5 Qxg5 15.
Qd2 Bd7 16. O-O-O Rfc8 17. Bxh5 b5 18. Rh3 Be8 19. Rdh1 c4 20. Bxg6 b4 21. Rg3
bxc3 22. bxc3 Qf6 23. Nh5 Qxc3+ 24. Qxc3 Bxc3 25. Bxf5+ Kf8 26. Bxc8 Rxc8 27.
Rf3 Rb8 28. e4 Bb2+ 29. Kd2 Bd4 30. Rc1 Rc8 31. Nf4 Ke7 32. Ne2 Bg7 33. Rg3 Bb2
34. Rb1 Be5 35. f4 Bf6 36. Rb7+ Kf8 37. Nc3 a5 38. Rh3 Bg7 39. g4 Kg8 40. Rh1
Bd4 41. Rc1 Bc5 42. Re1 Rd8 43. Kc2 Bd7 44. Re2 Kf8 45. f5 Kg7 46. g5 Bd4 47.
Rc7 Bc5 48. Rg2 1-0

[Event "4NCL/Div2b/CELT1 vs. E2E41"]
[Site "Hinckley Island ENG"]
[Date "2010.02.21"]
[Round "6.4"]
[White "Jackson, James P"]
[Black "Pedersen, Carsten"]
[Result "1-0"]
[WhiteElo "2067"]
[BlackElo "2157"]
[PlyCount "115"]
[EventDate "2010.02.21"]
[SourceDate "2009.10.24"]

1. e4 e6 2. d4 d5 3. e5 c5 4. c3 Qb6 5. Nf3 Nc6 6. a3 Nh6 7. b4 cxd4 8. cxd4
Nf5 9. Be3 Bd7 10. Be2 Rc8 11. O-O Be7 12. g4 Nxe3 13. fxe3 a6 14. Qd2 O-O 15.
Bd3 Na7 16. Nc3 Qd8 17. Ne2 Bb5 18. Nf4 b6 19. Rac1 Qd7 20. Rfd1 Bxd3 21. Qxd3
Qb5 22. a4 Qxd3 23. Nxd3 Rxc1 24. Rxc1 Rc8 25. Rxc8+ Nxc8 26. Kf2 Kf8 27. Ke2
Na7 28. Nfe1 Ke8 29. Nc2 Kd7 30. Kf3 Nc6 31. e4 dxe4+ 32. Kxe4 Bf8 33. d5 exd5+
34. Kxd5 Ne7+ 35. Ke4 Nc6 36. Kd5 Ne7+ 37. Kc4 Nc6 38. b5 Na5+ 39. Kd5 axb5 40.
axb5 Nb7 41. Nd4 Nd8 42. Nf4 Ba3 43. e6+ Nxe6 44. Nfxe6 fxe6+ 45. Nxe6 g6 46.
Ng5 h5 47. h3 hxg4 48. hxg4 Bc1 49. Nf7 Ke7 50. Nd6 Be3 51. Nc4 Bf2 52. Kc6 Kf6
53. Nxb6 Kg5 54. Nd7 Kxg4 55. Nc5 Kf5 56. b6 g5 57. b7 Bg3 58. Na6 1-0

[Event "4NCL/Div2b/CELT1 vs. E2E41"]
[Site "Hinckley Island ENG"]
[Date "2010.02.21"]
[Round "6.5"]
[White "Haldane, Robin W"]
[Black "Talbot, Andrew R"]
[Result "1-0"]
[WhiteElo "2159"]
[BlackElo "2141"]
[PlyCount "71"]
[EventDate "2010.02.21"]
[SourceDate "2009.10.24"]

1. e4 c5 2. Nf3 d6 3. d4 cxd4 4. Nxd4 Nf6 5. Nc3 a6 6. Bg5 e6 7. f4 Be7 8. Qf3
Qc7 9. O-O-O Nbd7 10. Bd3 h6 11. Bh4 g5 12. fxg5 Ne5 13. Qe2 Nfg4 14. Nf3 Nxf3
15. gxf3 hxg5 16. Bg3 Ne5 17. f4 gxf4 18. Bxf4 Bd7 19. h4 Ng6 20. Bg3 O-O-O 21.
h5 Bg5+ 22. Kb1 Ne5 23. Bxa6 bxa6 24. Qxa6+ Qb7 25. Qxd6 Nc4 26. Qc5+ Qc6 27.
Qxg5 Rhg8 28. Qf4 e5 29. Qf2 Na3+ 30. bxa3 Qxc3 31. Rd5 Rxg3 32. Rc5+ Bc6 33.
Rxc3 Rxc3 34. Qf5+ Kb7 35. Qxe5 Rc4 36. Ka1 1-0

[Event "4NCL/Div2b/CELT1 vs. E2E41"]
[Site "Hinckley Island ENG"]
[Date "2010.02.21"]
[Round "6.6"]
[White "Mansson, James C"]
[Black "Josse, Mark"]
[Result "0-1"]
[WhiteElo "2142"]
[BlackElo "2064"]
[PlyCount "112"]
[EventDate "2010.02.21"]
[SourceDate "2009.10.24"]

1. Nf3 d5 2. d4 Nf6 3. c4 c6 4. Nc3 dxc4 5. a4 Bf5 6. Ne5 Nbd7 7. Nxc4 Qc7 8.
g3 e5 9. dxe5 Nxe5 10. Bf4 Nfd7 11. h4 f6 12. Bh3 Bxh3 13. Rxh3 O-O-O 14. Qc2
Bb4 15. Kf1 Kb8 16. Nxe5 Nxe5 17. Kg2 Ka8 18. Rhh1 Qa5 19. Na2 Bd2 20. Nc3 Bxf4
21. gxf4 Ng6 22. e3 Qh5 23. Kg3 Ne7 24. e4 f5 25. f3 fxe4 26. fxe4 Rhf8 27. Ne2
Rde8 28. Rad1 Nf5+ 29. Kf2 Nxh4 30. Qd3 g5 31. f5 Qg4 32. Ng3 a6 33. Qc3 Qf4+
34. Kg1 Nf3+ 35. Kg2 Nh4+ 36. Kg1 Qg4 37. Kf2 h5 38. Rd7 Qf4+ 39. Kg1 Nf3+ 40.
Kg2 Nh4+ 41. Kg1 Rd8 42. Rd3 Rxd3 43. Qxd3 Nf3+ 44. Kg2 Nh4+ 45. Kg1 Qc1+ 46.
Qf1 Qxb2 47. Nxh5 Qd4+ 48. Kh2 Qxe4 49. f6 Qxa4 50. Qe2 Qb3 51. Rf1 Rf7 52. Ng3
Ng6 53. Ne4 Nf4 54. Qg4 Rh7+ 55. Kg1 Qe3+ 56. Nf2 Ka7 0-1

[Event "4NCL/Div2b/CELT1 vs. E2E41"]
[Site "Hinckley Island ENG"]
[Date "2010.02.21"]
[Round "6.7"]
[White "French, Angus J"]
[Black "Compton, Alistair"]
[Result "1-0"]
[WhiteElo "2096"]
[BlackElo "2066"]
[PlyCount "103"]
[EventDate "2010.02.21"]
[SourceDate "2009.10.24"]

1. e4 e6 2. d4 d5 3. Nc3 Bb4 4. e5 Ne7 5. a3 Bxc3+ 6. bxc3 b6 7. Nf3 Ba6 8.
Bxa6 Nxa6 9. Qd3 Nb8 10. O-O Nbc6 11. Bg5 Na5 12. Nd2 Qd7 13. c4 Nec6 14. cxd5
Qxd5 15. Be3 O-O-O 16. Qa6+ Kb8 17. c4 Qd7 18. Nf3 Nb3 19. Rad1 Nca5 20. Qb5
Qxb5 21. cxb5 h6 22. Rd3 Rd5 23. a4 Nc5 24. Ra3 Ncb7 25. Rc3 Rc8 26. Rfc1 Nd8
27. g4 a6 28. bxa6 c6 29. g5 h5 30. g6 fxg6 31. Nh4 g5 32. Nf3 Nf7 33. Bxg5
Nxg5 34. Nxg5 Rxd4 35. Nxe6 Rxa4 36. Nxg7 h4 37. Kf1 Rg8 38. Nf5 Re8 39. Re1
Rf4 40. Nd6 Re6 41. Rce3 Ka7 42. Re4 Rxe4 43. Rxe4 Nb3 44. Re3 Nc5 45. f4 Nd7
46. Kf2 b5 47. Rc3 Nb8 48. Ne4 b4 49. Rc1 Nxa6 50. Ra1 b3 51. Nc5 Kb6 52. Nxe6
1-0

[Event "4NCL/Div2b/CELT1 vs. E2E41"]
[Site "Hinckley Island ENG"]
[Date "2010.02.21"]
[Round "6.8"]
[White "Foster, James M"]
[Black "Owens, Megan R"]
[Result "1/2-1/2"]
[WhiteElo "1908"]
[BlackElo "1774"]
[PlyCount "104"]
[EventDate "2010.02.21"]
[SourceDate "2009.10.24"]

1. e4 c5 2. Nf3 a6 3. c3 d5 4. exd5 Qxd5 5. d4 e6 6. c4 Qd7 7. Nc3 cxd4 8. Nxd4
Bc5 9. Be3 Nf6 10. Be2 e5 11. Nc2 Qxd1+ 12. Rxd1 Nbd7 13. Bf3 O-O 14. O-O Re8
15. Rfe1 Rb8 16. b4 Bxe3 17. Rxe3 Nb6 18. c5 Nc4 19. Ree1 Bf5 20. Ne4 Rbd8 21.
Nxf6+ gxf6 22. Ne3 Nxe3 23. Rxe3 Rxd1+ 24. Bxd1 Rd8 25. Bb3 Rd4 26. a3 Bd7 27.
f3 Bc6 28. Kf2 Kg7 29. Kg3 Rd2 30. Bc4 h5 31. Rd3 Rc2 32. Bb3 Rc1 33. Kh4 Bb5
34. Re3 Kg6 35. Bd5 Bc6 36. Bxc6 bxc6 37. Rd3 Rc4+ 38. Kg3 h4+ 39. Kh3 Rd4 40.
Rb3 f5 41. a4 Kg5 42. b5 axb5 43. axb5 cxb5 44. Rxb5 Rd5 45. Rb4 Rxc5 46. Rxh4
Rc6 47. g3 Rh6 48. f4+ exf4 49. gxf4+ Kg6 50. Kg3 Rxh4 51. Kxh4 Kh6 52. Kg3 Kh5
1/2-1/2

[Event "4NCL/Div2b/PPA2 vs. FCA1"]
[Site "Hinckley Island ENG"]
[Date "2010.02.21"]
[Round "6.1"]
[White "Rosen, Daniel B"]
[Black "Kenworthy, Gary"]
[Result "0-1"]
[WhiteElo "2145"]
[BlackElo "2293"]
[PlyCount "56"]
[EventDate "2010.02.21"]
[SourceDate "2009.10.24"]

1. e4 c5 2. Nc3 Nc6 3. f4 g6 4. Nf3 Bg7 5. Bc4 e6 6. O-O a6 7. d3 Nge7 8. Bb3
d5 9. Qe1 Nd4 10. Nd1 c4 11. dxc4 dxc4 12. Bxc4 Nxc2 13. Qf2 Nxa1 14. Nc3 b5
15. Rd1 Qxd1+ 16. Nxd1 bxc4 17. Ne3 O-O 18. Nxc4 Rd8 19. Qe2 Nc6 20. e5 a5 21.
Be3 Ba6 22. b3 a4 23. Qb2 axb3 24. axb3 Nb4 25. h3 Nac2 26. Bf2 Bxc4 27. bxc4
Ra2 28. Qb3 Rd3 0-1

[Event "4NCL/Div2b/PPA2 vs. FCA1"]
[Site "Hinckley Island ENG"]
[Date "2010.02.21"]
[Round "6.2"]
[White "Almond, Richard J"]
[Black "Winfridsson, Ola"]
[Result "1/2-1/2"]
[WhiteElo "2145"]
[BlackElo "2133"]
[PlyCount "34"]
[EventDate "2010.02.21"]
[SourceDate "2009.10.24"]

1. d4 Nf6 2. c4 e6 3. Nc3 Bb4 4. Qc2 Nc6 5. Nf3 d6 6. Bd2 Qe7 7. a3 Bxc3 8.
Bxc3 e5 9. d5 Nb8 10. e4 a5 11. b4 axb4 12. axb4 Rxa1+ 13. Bxa1 O-O 14. Be2 Ne8
15. O-O f5 16. exf5 Bxf5 17. Bd3 Bxd3 1/2-1/2

[Event "4NCL/Div2b/PPA2 vs. FCA1"]
[Site "Hinckley Island ENG"]
[Date "2010.02.21"]
[Round "6.3"]
[White "Doci, Stefan"]
[Black "Smith, Graham M"]
[Result "1-0"]
[WhiteElo "2071"]
[BlackElo "2106"]
[PlyCount "61"]
[EventDate "2010.02.21"]
[SourceDate "2009.10.24"]

1. d4 e6 2. Nf3 Nf6 3. e3 b6 4. b3 Bb7 5. Bb2 Be7 6. Nbd2 Ne4 7. Nxe4 Bxe4 8.
Nd2 Bb7 9. Qg4 O-O 10. Bd3 f5 11. Qh3 d5 12. g4 g6 13. gxf5 exf5 14. Rg1 Bc8
15. O-O-O a5 16. Nf3 Qd6 17. Ng5 Bxg5 18. Rxg5 Nc6 19. a3 Ne7 20. Qh6 Qf6 21.
Rdg1 Rf7 22. a4 c6 23. Ba3 Rg7 24. h4 Kf7 25. h5 Ng8 26. hxg6+ hxg6 27. Qh2 Qd8
28. Bd6 Ra7 29. Be5 Nf6 30. Qh6 Qg8 31. Bxf5 1-0

[Event "4NCL/Div2b/PPA2 vs. FCA1"]
[Site "Hinckley Island ENG"]
[Date "2010.02.21"]
[Round "6.4"]
[White "Brown, Alan M"]
[Black "Hutchinson, Norman A"]
[Result "1/2-1/2"]
[WhiteElo "2118"]
[BlackElo "2092"]
[PlyCount "86"]
[EventDate "2010.02.21"]
[SourceDate "2009.10.24"]

1. d4 Nf6 2. c4 e6 3. Nc3 Bb4 4. Qc2 O-O 5. Nf3 b6 6. Bg5 Bb7 7. e3 h6 8. Bh4
d6 9. Be2 Nbd7 10. O-O Bxc3 11. Qxc3 g5 12. Bg3 Ne4 13. Qc2 f5 14. Nd2 Ndf6 15.
f3 Nxg3 16. hxg3 Qe8 17. Kf2 e5 18. Bd3 e4 19. Be2 f4 20. gxf4 gxf4 21. Kg1
fxe3 22. Nxe4 Nxe4 23. fxe4 Qxe4 24. Qxe4 Bxe4 25. Rae1 Bg6 26. c5 Rae8 27.
cxd6 cxd6 28. Rc1 Be4 29. Rc3 Bd5 30. a3 Re7 31. g3 Bb7 32. b4 Kg7 33. Rxf8
Kxf8 34. Kf1 Kg7 35. Bb5 Bf3 36. Be2 Bb7 37. Bb5 Kf6 38. Ke2 Kg5 39. Rxe3 Rxe3+
40. Kxe3 Kg4 41. Kf2 Be4 42. Bd7+ Bf5 43. Bb5 Be4 1/2-1/2

[Event "4NCL/Div2b/PPA2 vs. FCA1"]
[Site "Hinckley Island ENG"]
[Date "2010.02.21"]
[Round "6.5"]
[White "Kemp, Paul R"]
[Black "Reuben, Stewart"]
[Result "1/2-1/2"]
[WhiteElo "2109"]
[BlackElo "2152"]
[PlyCount "37"]
[EventDate "2010.02.21"]
[SourceDate "2009.10.24"]

1. e4 c5 2. c3 Nf6 3. e5 Nd5 4. d4 cxd4 5. Nf3 d6 6. Bc4 e6 7. cxd4 Qc7 8. Qe2
Nb6 9. Bb5+ Bd7 10. Nc3 dxe5 11. dxe5 a6 12. Bd3 Nc6 13. Bd2 Nb4 14. Be4 Bc6
15. Rc1 Be7 16. O-O O-O 17. Ng5 h6 18. a3 N4d5 19. Nf3 1/2-1/2

[Event "4NCL/Div2b/PPA2 vs. FCA1"]
[Site "Hinckley Island ENG"]
[Date "2010.02.21"]
[Round "6.6"]
[White "Borrowdale, Graham E"]
[Black "McCorry, Robert T"]
[Result "1/2-1/2"]
[WhiteElo "2074"]
[BlackElo "2061"]
[PlyCount "66"]
[EventDate "2010.02.21"]
[SourceDate "2009.10.24"]

1. c4 e5 2. Nc3 Nf6 3. Nf3 Nc6 4. g3 d5 5. cxd5 Nxd5 6. Bg2 Nb6 7. O-O Be7 8.
a3 a5 9. d3 O-O 10. b3 Be6 11. Bb2 Qd7 12. Rc1 Bh3 13. Bxh3 Qxh3 14. Nb5 Bd6
15. d4 e4 16. Ne5 Bxe5 17. dxe5 Qf5 18. Nxc7 Rac8 19. Nb5 Rcd8 20. Nd6 Qe6 21.
Rxc6 bxc6 22. Qd4 Nc8 23. Rc1 Nxd6 24. exd6 f6 25. Rxc6 Rd7 26. Qb6 Qd5 27. Bd4
Rfd8 28. Bc5 Qd1+ 29. Kg2 Qxe2 30. Rc7 Qf3+ 31. Kg1 Rxc7 32. Qxc7 Qd1+ 33. Kg2
Qf3+ 1/2-1/2

[Event "4NCL/Div2b/PPA2 vs. FCA1"]
[Site "Hinckley Island ENG"]
[Date "2010.02.21"]
[Round "6.7"]
[White "McMahon, Paul"]
[Black "Williamson, Kevin J"]
[Result "1/2-1/2"]
[WhiteElo "2043"]
[BlackElo "2045"]
[PlyCount "103"]
[EventDate "2010.02.21"]
[SourceDate "2009.10.24"]

1. Nc3 Nc6 2. Nf3 e6 3. d4 d5 4. e4 Nf6 5. Bd3 Bb4 6. exd5 exd5 7. O-O O-O 8.
Bg5 Be7 9. Qd2 Nb4 10. Rae1 Nxd3 11. Qxd3 Be6 12. Ne5 h6 13. Bc1 c5 14. Ng6 Re8
15. Nxe7+ Qxe7 16. dxc5 Qxc5 17. Be3 Qc6 18. Bd4 Ne4 19. Nxe4 dxe4 20. Qg3 g6
21. Qe5 Kf8 22. Rxe4 Rad8 23. Qg7+ Ke7 24. Bf6+ Kd7 25. Rd4+ Kc8 26. Rxd8+ Rxd8
27. Bxd8 Kxd8 28. Rd1+ Ke7 29. Qh8 Qb6 30. Qd4 Qa5 31. a3 Qc7 32. Qh4+ g5 33.
Qxh6 Qe5 34. Qh7 Bg4 35. Rf1 Bf5 36. Qh5 Bxc2 37. Qg4 Kf6 38. Qb4 Kg6 39. Re1
Qd5 40. Qc3 Be4 41. f3 Bf5 42. Qe5 Qd2 43. Qc3 Qd6 44. Qe3 b6 45. Qe5 Qd2 46.
Qc3 Qd6 47. Rc1 Qe7 48. Kf2 Qd8 49. g4 Be6 50. Rc2 Qd6 51. Kg2 Qf4 52. Qd2
1/2-1/2

[Event "4NCL/Div2b/PPA2 vs. FCA1"]
[Site "Hinckley Island ENG"]
[Date "2010.02.21"]
[Round "6.8"]
[White "Shields, Callum T"]
[Black "Redman, David J"]
[Result "0-1"]
[WhiteElo "1530"]
[BlackElo "1866"]
[PlyCount "46"]
[EventDate "2010.02.21"]
[SourceDate "2009.10.24"]

1. d4 d5 2. Nc3 Nf6 3. Bf4 Bd7 4. Qd2 e6 5. Nf3 c5 6. e3 c4 7. a3 Be7 8. Be5
Nc6 9. Bxf6 Bxf6 10. e4 O-O 11. exd5 exd5 12. Nxd5 Re8+ 13. Ne3 Bg4 14. c3 Bxf3
15. gxf3 Na5 16. Rb1 Bg5 17. Kd1 Qf6 18. Bg2 Nb3 19. Qe2 Qg6 20. Qxc4 Qxb1+ 21.
Ke2 Qxb2+ 22. Kf1 Nd2+ 23. Ke1 Nxc4 0-1

[Event "4NCL/Div2b/BRI1 vs. FCA1"]
[Site "Staverton Park ENG"]
[Date "2010.03.27"]
[Round "7.1"]
[White "Rudd, Jack"]
[Black "Kendall, Paul SN"]
[Result "1-0"]
[WhiteElo "2267"]
[BlackElo "2085"]
[PlyCount "41"]
[EventDate "2010.03.27"]
[SourceDate "2009.10.24"]

1. e4 c5 2. Nf3 g6 3. d4 cxd4 4. Nxd4 Nc6 5. Nc3 Nf6 6. Nxc6 bxc6 7. e5 Ng8 8.
Bc4 Bg7 9. Qf3 f6 10. O-O Qa5 11. Re1 f5 12. Bf4 e6 13. Bxe6 Ne7 14. Bb3 Ba6
15. Bg5 h6 16. Bf6 Kf8 17. Rad1 Qc7 18. Qg3 g5 19. Qh3 Qc8 20. Bxe7+ Kxe7 21.
Qxf5 1-0

[Event "4NCL/Div2b/BRI1 vs. FCA1"]
[Site "Staverton Park ENG"]
[Date "2010.03.27"]
[Round "7.2"]
[White "Habershon, Paul F"]
[Black "Beaumont, Chris R"]
[Result "1/2-1/2"]
[WhiteElo "2089"]
[BlackElo "2306"]
[PlyCount "121"]
[EventDate "2010.03.27"]
[SourceDate "2009.10.24"]

1. e4 c5 2. Nc3 g6 3. f4 Bg7 4. Nf3 Nc6 5. Bc4 e6 6. f5 Nge7 7. fxe6 dxe6 8. d3
O-O 9. O-O Na5 10. Bb3 Nec6 11. Kh1 Nd4 12. Nxd4 cxd4 13. Ne2 b6 14. Bd2 Nxb3
15. axb3 Bb7 16. Qe1 a6 17. Qg3 Rc8 18. Rac1 Qd7 19. Qh4 e5 20. Ng3 Rc6 21. Rf3
f5 22. exf5 gxf5 23. Qh3 Rg6 24. Rf2 Rf7 25. Rg1 e4 26. dxe4 fxe4 27. Qxd7 Rxd7
28. Rf5 e3 29. Bc1 Rc7 30. c3 dxc3 31. bxc3 Rxc3 32. b4 Rc2 33. Bxe3 Rb2 34.
Rf2 Rxb4 35. Nf5 Re4 36. Rd1 Re8 37. h3 Be4 38. Nxg7 Kxg7 39. Rd7+ Kg8 40. Bd4
Bc6 41. Ra7 Bb5 42. Rff7 Re1+ 43. Kh2 Re2 44. Rg7+ Rxg7 45. Rxg7+ Kf8 46. Rxh7
Bc6 47. Rg7 b5 48. Rg6 Be4 49. Rf6+ Ke7 50. Rf2 Rxf2 51. Bxf2 Ke6 52. g4 b4 53.
Bc5 a5 54. Kg3 Kd5 55. Be7 Kc4 56. Kf4 Bd5 57. Ke3 Kc3 58. Bf6+ Kc2 59. Kd4 Bg2
60. Kc5 Bxh3 61. Kb5 1/2-1/2

[Event "4NCL/Div2b/BRI1 vs. FCA1"]
[Site "Staverton Park ENG"]
[Date "2010.03.27"]
[Round "7.3"]
[White "Buckley, David E"]
[Black "Almond, Richard J"]
[Result "0-1"]
[WhiteElo "2274"]
[BlackElo "2151"]
[PlyCount "42"]
[EventDate "2010.03.27"]
[SourceDate "2009.10.24"]

1. d4 d5 2. c4 e6 3. Nc3 Nf6 4. Bg5 Be7 5. e3 O-O 6. Nf3 Nbd7 7. Qc2 c5 8. dxc5
Qa5 9. O-O-O Bxc5 10. Kb1 Bb4 11. cxd5 exd5 12. Nb5 a6 13. Nbd4 Re8 14. Bd3 Ne4
15. Bh4 Ndc5 16. Nb3 Nxb3 17. axb3 Bg4 18. Bxe4 dxe4 19. Rd4 Rac8 20. Qd1 exf3
21. gxf3 Qf5+ 0-1

[Event "4NCL/Div2b/BRI1 vs. FCA1"]
[Site "Staverton Park ENG"]
[Date "2010.03.27"]
[Round "7.4"]
[White "Onley, David"]
[Black "Franklin, Michael"]
[Result "1/2-1/2"]
[WhiteElo "2106"]
[BlackElo "2190"]
[PlyCount "70"]
[EventDate "2010.03.27"]
[SourceDate "2009.10.24"]

1. e4 c5 2. Nf3 a6 3. c3 d6 4. d4 Nd7 5. Bd3 e6 6. O-O Ne7 7. Bg5 Qc7 8. Nbd2
Ng6 9. h3 h6 10. Be3 Be7 11. e5 dxe5 12. Bxg6 fxg6 13. Qb3 Kf7 14. Nc4 Bf6 15.
dxe5 Nxe5 16. Nfxe5+ Bxe5 17. f4 Bf6 18. Ne5+ Bxe5 19. fxe5+ Kg8 20. Rad1 Kh7
21. Rd6 b5 22. Qd1 Re8 23. Qg4 c4 24. h4 h5 25. Qg5 Bb7 26. g4 hxg4 27. h5 Be4
28. Qxg4 Qb7 29. Rd2 g5 30. Qxg5 Rf8 31. Rdf2 Rxf2 32. Rxf2 Qd7 33. Rd2 Bd3 34.
Rf2 Be4 35. Rd2 Bd3 1/2-1/2

[Event "4NCL/Div2b/BRI1 vs. FCA1"]
[Site "Staverton Park ENG"]
[Date "2010.03.27"]
[Round "7.5"]
[White "Dilleigh, Stephen P"]
[Black "Smith, Graham M"]
[Result "1/2-1/2"]
[WhiteElo "2107"]
[BlackElo "2106"]
[PlyCount "32"]
[EventDate "2010.03.27"]
[SourceDate "2009.10.24"]

1. d4 Nf6 2. c4 e6 3. Nc3 Bb4 4. e3 c5 5. Nge2 cxd4 6. exd4 O-O 7. a3 Be7 8.
Nf4 Re8 9. Be2 d5 10. cxd5 Nxd5 11. Nfxd5 exd5 12. O-O Nc6 13. Bf3 Be6 14. Be3
Bf6 15. Rc1 Qd7 16. b4 Rac8 1/2-1/2

[Event "4NCL/Div2b/BRI1 vs. FCA1"]
[Site "Staverton Park ENG"]
[Date "2010.03.27"]
[Round "7.6"]
[White "Brown, Alan M"]
[Black "Collier, David O"]
[Result "1/2-1/2"]
[WhiteElo "2118"]
[BlackElo "2142"]
[PlyCount "88"]
[EventDate "2010.03.27"]
[SourceDate "2009.10.24"]

1. Nf3 Nf6 2. c4 e6 3. g3 d5 4. Bg2 c6 5. b3 Bd6 6. Bb2 O-O 7. O-O Nbd7 8. cxd5
exd5 9. Nc3 Re8 10. Rc1 Ne5 11. Na4 Ne4 12. Bxe5 Bxe5 13. d3 Nf6 14. Nxe5 Rxe5
15. d4 Re7 16. Nc5 Bf5 17. Re1 Qd6 18. Nd3 Rae8 19. Qd2 Be4 20. Bf1 h6 21. Ne5
Nd7 22. Nd3 Nf6 23. Nf4 Bf5 24. b4 Ne4 25. Qb2 Qf6 26. Bg2 g5 27. Nd3 Bh7 28.
Bf3 Nxg3 29. Ne5 Nf5 30. b5 Nxd4 31. Qxd4 Qxe5 32. Qxe5 Rxe5 33. bxc6 bxc6 34.
Rxc6 Be4 35. Bh5 d4 36. Rxh6 R8e6 37. Rxe6 Rxe6 38. Rd1 Rd6 39. Bg4 Kg7 40. Bc8
Kf6 41. Rc1 Rc6 42. Rxc6+ Bxc6 43. Ba6 Ke5 44. Kf1 f5 1/2-1/2

[Event "4NCL/Div2b/BRI1 vs. FCA1"]
[Site "Staverton Park ENG"]
[Date "2010.03.27"]
[Round "7.7"]
[White "Curtis, John E"]
[Black "Elwin, Adrian G"]
[Result "1-0"]
[WhiteElo "2106"]
[BlackElo "2013"]
[PlyCount "51"]
[EventDate "2010.03.27"]
[SourceDate "2009.10.24"]

1. d4 Nf6 2. Nf3 e6 3. e3 b6 4. Bd3 Bb7 5. Nbd2 d5 6. O-O Bd6 7. b3 Nbd7 8. Bb2
Ne4 9. Ne5 Qe7 10. f4 O-O-O 11. a4 a5 12. Bb5 Bxe5 13. fxe5 f5 14. Qe2 Nb8 15.
Ba3 Qf7 16. Nxe4 dxe4 17. b4 g5 18. bxa5 bxa5 19. Rab1 c6 20. Bc4 Rhg8 21. Qd2
Rg6 22. Qxa5 Qc7 23. Qa7 f4 24. Bd6 Rxd6 25. exd6 Qg7 26. a5 1-0

[Event "4NCL/Div2b/BRI1 vs. FCA1"]
[Site "Staverton Park ENG"]
[Date "2010.03.27"]
[Round "7.8"]
[White "Shields, Callum T"]
[Black "Oliver, Martin"]
[Result "0-1"]
[WhiteElo "1530"]
[BlackElo "1810"]
[PlyCount "140"]
[EventDate "2010.03.27"]
[SourceDate "2009.10.24"]

1. d4 Nf6 2. Nc3 g6 3. e4 d6 4. Bc4 Bg7 5. f4 c5 6. dxc5 Qa5 7. Bb5+ Bd7 8.
Bxd7+ Nbxd7 9. cxd6 Nxe4 10. Bd2 Nxd6 11. Qf3 Qf5 12. O-O-O O-O 13. Nd5 Rfe8
14. g4 Qe4 15. Nc7 Rec8 16. Qxe4 Nxe4 17. Nd5 Bf8 18. Nh3 e6 19. Ne3 Ndc5 20.
Kb1 Bg7 21. Rhg1 Na4 22. c3 Bxc3 23. bxc3 Naxc3+ 24. Bxc3 Nxc3+ 25. Kb2 Nxd1+
26. Rxd1 Rd8 27. Rxd8+ Rxd8 28. Kc2 h6 29. f5 exf5 30. gxf5 Rc8+ 31. Kd3 Rc5
32. fxg6 fxg6 33. Ng4 h5 34. Nf6+ Kf7 35. Ne4 Ra5 36. Nc3 b5 37. Ng5+ Kg8 38.
h3 b4 39. Nce4 Rxa2 40. Kc4 a5 41. Nc5 Ra3 42. Nd3 Rc3+ 43. Kd4 Rc2 44. Nc5 Kg7
45. Kd3 Rc3+ 46. Kd2 Kf8 47. Nce6+ Ke8 48. Nd4 Rg3 49. Ndf3 Rg2+ 50. Kc1 b3 51.
Ne4 a4 52. Nd4 b2+ 53. Kb1 a3 54. Nc3 Rg1+ 55. Ka2 Ra1+ 56. Kb3 b1=Q+ 57. Nxb1
Rxb1+ 58. Kxa3 Rh1 59. Kb2 Rxh3 60. Kc2 Kf7 61. Kd2 Kf6 62. Ke2 Ke5 63. Nc6+
Ke4 64. Ne7 Rh2+ 65. Kf1 Kf3 66. Ke1 Re2+ 67. Kf1 Rxe7 68. Kg1 Re1+ 69. Kh2 Rf1
70. Kh3 Rh1# 0-1

[Event "4NCL/Div2b/GUI3 vs. PPA2"]
[Site "Staverton Park ENG"]
[Date "2010.03.27"]
[Round "7.1"]
[White "Hunt, Daniel"]
[Black "McEwan, Ken B"]
[Result "1-0"]
[WhiteElo "2019"]
[BlackElo "2142"]
[PlyCount "143"]
[EventDate "2010.03.27"]
[SourceDate "2009.10.24"]

1. e4 e5 2. Nf3 Nc6 3. Bb5 a6 4. Ba4 Nf6 5. Qe2 Be7 6. O-O b5 7. Bb3 d6 8. c3
O-O 9. Rd1 Na5 10. Bc2 c5 11. d4 Qc7 12. d5 Bd7 13. b3 Ne8 14. Nbd2 g6 15. Nf1
Ng7 16. Ng3 f5 17. exf5 Nxf5 18. Ng5 Nxg3 19. hxg3 Bxg5 20. Bxg5 Bf5 21. g4
Bxc2 22. Qxc2 c4 23. b4 Nb7 24. a4 Qd7 25. axb5 axb5 26. Qe4 Qf7 27. f3 Rfc8
28. Kh2 Kg7 29. g3 Qd7 30. Qe3 Nd8 31. Bxd8 Rxd8 32. Ra5 Qb7 33. Rda1 Rxa5 34.
Rxa5 Rd7 35. Qd2 Qb6 36. Kg2 Ra7 37. Qf2 Rb7 38. Qxb6 Rxb6 39. g5 h5 40. Ra7+
Kf8 41. f4 exf4 42. gxf4 Rb8 43. Ra6 Ke7 44. Ra7+ Kf8 45. Kf2 Kg8 46. Ra6 Rf8
47. Ke3 Re8+ 48. Kd4 Rd8 49. Rb6 h4 50. Rxb5 h3 51. Ra5 Rf8 52. Kxc4 Rxf4+ 53.
Kb5 Rg4 54. Ra1 Rxg5 55. Kc6 Rg3 56. b5 g5 57. b6 Rxc3+ 58. Kxd6 Rb3 59. Kc7 g4
60. b7 g3 61. d6 Rc3+ 62. Kb8 Kf7 63. Ka8 Rb3 64. b8=Q Rxb8+ 65. Kxb8 h2 66. d7
g2 67. d8=Q g1=Q 68. Qd5+ Kf8 69. Ra7 Qb6+ 70. Rb7 Qf6 71. Qc5+ Kg8 72. Qc8+
1-0

[Event "4NCL/Div2b/GUI3 vs. PPA2"]
[Site "Staverton Park ENG"]
[Date "2010.03.27"]
[Round "7.2"]
[White "Winfridsson, Ola"]
[Black "Bryant, Richard BE"]
[Result "1-0"]
[WhiteElo "2133"]
[BlackElo "1945"]
[PlyCount "67"]
[EventDate "2010.03.27"]
[SourceDate "2009.10.24"]

1. d4 e6 2. c4 d5 3. Nc3 c6 4. Nf3 dxc4 5. a4 Bb4 6. e4 b5 7. Be2 Bb7 8. O-O a6
9. Bg5 Qb6 10. Qc2 Nd7 11. Rfd1 Bxc3 12. Qxc3 Ngf6 13. Nd2 h6 14. Bxf6 Nxf6 15.
e5 Nd5 16. Qg3 g5 17. Ne4 Nf4 18. Nd6+ Ke7 19. Bf1 f5 20. Qa3 b4 21. Qf3 Rag8
22. a5 Qc7 23. Bxc4 Ba8 24. Bxa6 Rb8 25. Bf1 c5 26. Qe3 Qc6 27. f3 cxd4 28.
Qxd4 Nh3+ 29. Kh1 Qc2 30. Rd2 Qc6 31. gxh3 g4 32. hxg4 Rhg8 33. Qa7+ Bb7 34. a6
1-0

[Event "4NCL/Div2b/GUI3 vs. PPA2"]
[Site "Staverton Park ENG"]
[Date "2010.03.27"]
[Round "7.3"]
[White "Shepherd, David"]
[Black "Doci, Stefan"]
[Result "0-1"]
[WhiteElo "1922"]
[BlackElo "2071"]
[PlyCount "76"]
[EventDate "2010.03.27"]
[SourceDate "2009.10.24"]

1. d4 d5 2. Nf3 Nf6 3. Bf4 e6 4. e3 Be7 5. Bd3 O-O 6. O-O b6 7. Ne5 Bb7 8. Nd2
Nbd7 9. Qf3 c5 10. c3 a6 11. Qh3 g6 12. Nxd7 Nxd7 13. Nf3 Bf6 14. Bh6 Re8 15.
Qg3 e5 16. dxe5 Nxe5 17. Nxe5 Bxe5 18. Bf4 Bg7 19. Rad1 Qf6 20. Rd2 Qc6 21. Be2
Qa4 22. a3 Qb3 23. Bc7 Rac8 24. Qd6 Re6 25. Qd7 Rce8 26. Bd1 Qc4 27. Be2 Qa2
28. Qa4 Bxc3 29. Rc2 Bxb2 30. Bxb6 Qxa3 31. Qd7 Bc6 32. Qc7 Qb3 33. Rxc5 Be5
34. Qa7 Ra8 35. Rxc6 Rxa7 36. Rc8+ Kg7 37. Bxa7 Qb7 38. Bxa6 Qxa6 0-1

[Event "4NCL/Div2b/GUI3 vs. PPA2"]
[Site "Staverton Park ENG"]
[Date "2010.03.27"]
[Round "7.4"]
[White "Kemp, Paul R"]
[Black "Deswarte, Ian"]
[Result "1-0"]
[WhiteElo "2109"]
[BlackElo "1900"]
[PlyCount "65"]
[EventDate "2010.03.27"]
[SourceDate "2009.10.24"]

1. e4 e5 2. Bc4 Nf6 3. d3 Nc6 4. Nf3 Be7 5. O-O d6 6. a4 O-O 7. c3 Na5 8. Ba2
c5 9. b4 cxb4 10. cxb4 Nc6 11. b5 Nb8 12. Nc3 Nbd7 13. Ba3 b6 14. d4 Bb7 15.
Qe2 Rc8 16. Rac1 Rc7 17. Rfd1 Qc8 18. Qd3 Re8 19. Ng5 d5 20. Bxe7 Rxe7 21. exd5
exd4 22. d6 Rc5 23. dxe7 Rxg5 24. Ne4 Rxg2+ 25. Kf1 Nc5 26. Nxf6+ gxf6 27. Qxd4
Kg7 28. Rxc5 bxc5 29. Qd7 Qb8 30. e8=Q Rxf2+ 31. Ke1 Qf4 32. Qexf7+ Kh6 33.
Qh3+ 1-0